| 000 | 01337cad a22002535a 4500 | ||
|---|---|---|---|
| 001 | L148027 | ||
| 008 | 090715s2009 xxuabd f 000 0 eng d | ||
| 035 | _a(Sirsi) u148027 | ||
| 041 | 0 | _aeng | |
| 050 | 0 | 4 | _a306.1 $2 18 |
| 110 | 2 |
_aJoint Center for Housing Studies of Harvard University _95768 |
|
| 245 | 0 | 4 |
_aThe state of the nation's housing 2009 _h[electronic resource] |
| 260 |
_aCambridge, MA _bPresident and Fellows of Harvard College _c2009 |
||
| 505 | 2 | _aExecutive summary -- Housing markets -- Demographic drivers -- Homeownership -- Rental housing -- Housing challenges -- Appendix tables | |
| 520 | _aExamines the state of housing in the United States in 2009. Reports on federal efforts to help homeowners, and on increases in foreclosures in the first quarter 2009. Explains that ongoing job losses, house price falls and tighter mortgage credit are a threat to economic recovery. | ||
| 521 | _aAdvanced | ||
| 590 | _aKA | ||
| 651 | 4 |
_aUnited States _y1959- |
|
| 690 | _aPROPERTY-RESIDENTIAL PROPERTY-RESIDENTIAL PROPERTY MARKET | ||
| 710 | 1 |
_aHavard University _bGraduate School of Design _95769 |
|
| 710 | 1 |
_aHavard University _bHarvard Kennedy School _95770 |
|
| 856 | 4 | 0 |
_uhttps://www.jchs.harvard.edu/publications/markets/son2009/index.htm _zView the report free of charge at www.jchs.harvard.edu |
| 942 | _n0 | ||
| 999 |
_c109849 _d109849 |
||